| 000 | 00705nam a2200217Ia 4500 | ||
|---|---|---|---|
| 005 | 20220328184106.0 | ||
| 008 | 210716s2013 xx 000 0 und d | ||
| 040 | _cAIMIT LIBRARY | ||
| 041 | _aeng | ||
| 082 |
_a332.632 _29 _bCHAD |
||
| 100 |
_aChance, Don M. _926373 |
||
| 245 |
_aIntroduction to derivatives and risk management / _cBy Don M Chance and Robert Brooks. |
||
| 250 | _a9th ed. | ||
| 260 |
_aNew Delhi : _bCengage Learning India Pvt Ltd , _c2013. |
||
| 300 |
_axxi,671p. ; _c24.2 cm. |
||
| 650 |
_aDerivatives. _926374 |
||
| 650 |
_aRisk Management. _926375 |
||
| 650 |
_aStructure of Options Markets. _926376 |
||
| 700 |
_aBrooks, Robert. _926377 |
||
| 942 |
_2ddc _cBK _e9th _k332.632 CHAD |
||
| 999 |
_c208387 _d208387 |
||